| 000 | 00671nam a22001937a 4500 | ||
|---|---|---|---|
| 005 | 20251108173234.0 | ||
| 008 | 250721s2006 xx 000 0 ara d | ||
| 082 | 1 | 4 | _a371.92/قري |
| 100 | 1 |
_aالقريوتي، ابراهيم امين _eمؤلف |
|
| 245 | 1 | 0 | _aدليل تدريب وتعليم الأطفال المعاقين عقلياً / |
| 264 | 1 |
_aعمان : _bدار يافا العلمية للنشر والتوزيع، _c2006. |
|
| 300 | _a221ص. | ||
| 650 | 1 | 7 | _aالأطفال المعوقين |
| 650 | 1 | 7 | _aالمعوقين عقليآ |
| 650 | 1 | 7 | _aرعاية الأطفال |
| 700 | 1 | _aعثمان، ناصر | |
| 942 |
_2ddc _cBK |
||
| 999 |
_c99268 _d99268 |
||